• 首页
  • 本馆介绍
  • 公告通知
  • 最新文献
  • 馆藏检索
  • 电子资源
  • 读者导购
  • 参考咨询
  • 我的图书馆
  • 登录
  • 详细信息显示
  • 放入我的书架
  • 预约/预借图书
  • 作者相关作品
  • 分类相关作品
  • 丛书相关作品
  • 出版社相关作品

书目信息

  • 表格格式
  • 工作单格式
  • 卡片格式
题名:
《邓小平文选》中的哲学思想
    
 
作者: ;中央人民广播电台理论部 编
分册:  
出版信息: 北京   广播出版社  1984
页数: 172页
开本: 19cm
丛书名:
单 册:
中图分类: B27 , D2-0 , B2
科图分类:
主题词: 哲学--中国
电子资源:
ISBN:
000 00765nam0 2200265 45
001 1131442216
005 20110928084542.65
010    @dCNY0.48
091    @aCN@b2236.005
100    @a19950705d1984 emky0chiy0121 ea
101 0  @achi
102    @aCN@b110000
105    @ay z 000yy
200 12 @a《邓小平文选》中的哲学思想@A《 deng xiao ping wen xuan》 zhong de zhe xue si xiang@f中央人民广播电台理论部编
210    @a北京@c广播出版社@d1984
215    @a172页@d19cm
600  0 @a邓小平@x哲学思想@x思想评论
606 0  @a哲学@x中国
690    @aB27@v3
690    @aD2-0@v3
690    @aB2@v4
712 02 @a中央人民广播电台理论部@Azhong yang ren min guang bo dian tai li lun bu@4编
801  0 @aCN@bTSSF
801  2 @aCN@bNLC
905    @a10447@dB2@eJY29
    
    《邓小平文选》中的哲学思想/中央人民广播电台理论部编.-北京:广播出版社,1984
    172页;19cm
    
    
    ISBN :CNY0.48
    
●
相关链接 在E读中查询图书 在五车中查询图书 在当当中查询图书 在豆瓣中查询图书


正题名:《邓小平文选》中的哲学思想     索取号:B2/JY29         预约/预借

序号 登录号 条形码 馆藏地/架位号 状态 备注
1 7824415   278244151   学院路分馆/ [索取号:B2/JY29] 在馆    
2 7824416   278244160   学院路分馆/ [索取号:B2/JY29] 在馆    
唐山师范学院图书馆 欢迎您!
大连网信软件有限公司© 版权所有